[Event "Icelandic Team-ch Premier 2021-22"]
[Site "Reykjavik"]
[Date "2022.03.05"]
[Round "9.4"]
[White "Sigurpalsson, Runar"]
[Black "Ragnarsson, Dagur"]
[Result "0-1"]
[WhiteElo "2279"]
[BlackElo "2351"]
[Annotator "ChessBase"]
[PlyCount "76"]
[EventDate "2022.03.05"]
[EventType "team-tourn"]
[EventCountry "ISL"]
[SourceTitle "playchess.com"]
[Source "ChessBase"]
[SourceQuality "1"]
[TimeControl "5400+30"]

1. e4 {[%emt 0:00:26]} c5 {[%emt 0:00:27]} 2. Nf3 {[%emt 0:00:09]} e6 {[%emt 0:00:06]} 3. d4 {[%emt 0:00:17]} cxd4 {[%emt 0:00:05]} 4. Nxd4 {[%emt 0:00:05]} Nc6 {[%emt 0:00:05]} 5. Nc3 {[%emt 0:00:24]} Qc7 {[%emt 0:00:07]} 6. g3 {[%emt 0:01:17]} a6 {[%emt 0:01:47]} 7. Bg2 {[%emt 0:00:11]} Nf6 {[%emt 0:04:06]} 8. O-O {[%emt 0:01:24]} d6 {[%emt 0:00:48]} 9. Re1 {[%emt 0:03:52]} Bd7 {[%emt 0:00:09]} 10. Nxc6 {[%emt 0:01:11]} bxc6 {[%emt 0:07:13]} 11. Bg5 {[%emt 0:02:18]} h6 {[%emt 0:08:16]} 12. Bxf6 {[%emt 0:01:24]} gxf6 {[%emt 0:00:05]} 13. Qf3 {[%emt 0:00:39]} Bg7 {[%emt 0:08:11]} 14. Rad1 {[%emt 0:00:36]} Rd8 {[%emt 0:01:04]} 15. e5 {[%emt 0:26:43]} fxe5 {[%emt 0:08:09]} 16. Ne4 {[%emt 0:01:21]} Bc8 {[%emt 0:05:08]} 17. Nf6+ {[%emt 0:05:57]} Kf8 {[%emt 0:00:35]} 18. Nh5 {[%emt 0:04:28]} Rh7 {[%emt 0:14:56]} 19. Nxg7 {[%emt 0:02:19]} Rxg7 {[%emt 0:00:13]} 20. Qxc6 {[%emt 0:00:16]} Qxc6 {[%emt 0:00:04]} 21. Bxc6 {[%emt 0:00:16]} f6 {[%emt 0:03:47]} 22. c3 {[%emt 0:04:40]} d5 {[%emt 0:02:04]} 23. Rd2 {[%emt 0:00:51]} Ke7 {[%emt 0:00:56]} 24. Ba4 {[%emt 0:01:19]} Bb7 {[%emt 0:02:56]} 25. Bb3 {[%emt 0:07:12]} e4 {[%emt 0:01:03]} 26. Red1 {[%emt 0:00:43]} f5 {[%emt 0:00:46]} 27. Kf1 {[%emt 0:02:20]} a5 {[%emt 0:13:32]} 28. Ke2 {[%emt 0:00:44]} Kf6 {[%emt 0:00:32]} 29. Ke3 {[%emt 0:01:00]} Rc8 {[%emt 0:02:00]} 30. Rd4 {[%emt 0:01:25]} Rc5 {[%emt 0:00:44]} 31. R4d2 {[%emt 0:01:45]} Ke5 {[%emt 0:01:13]} 32. Rd4 {[%emt 0:00:35]} Kf6 {[%emt 0:04:54]} 33. R4d2 {[%emt 0:03:02]} Rgc7 {[%emt 0:00:15]} 34. Rd4 {[%emt 0:01:40]} Ba6 {[%emt 0:01:30]} 35. f3 {[%emt 0:03:11]} Bb5 {[%emt 0:01:26]} 36. fxe4 {[%emt 0:02:19]} fxe4 {[%emt 0:00:04]} 37. R1d2 {[%emt 0:00:22]} Ke5 {[%emt 0:00:35]} 38. Rf2 {[%emt 0:00:41]} Rxc3+ {[%emt 0:00:27]} 0-1

[Event "Icelandic Team-ch Premier 2021-22"]
[Site "Reykjavik"]
[Date "2022.03.05"]
[Round "9.5"]
[White "Bjornsson, Sigurbjorn"]
[Black "Halldorsson, Halldor"]
[Result "1-0"]
[WhiteElo "2315"]
[BlackElo "2211"]
[Annotator "TA"]
[PlyCount "117"]
[EventDate "2022.03.05"]
[EventType "team-tourn"]
[EventCountry "ISL"]
[SourceTitle "playchess.com"]
[Source "ChessBase"]
[SourceQuality "1"]

{[%evp 20,117,39,50,46,51,49,45,45,39,118,118,123,117,172,158,192,180,391,291,281,271,269,288,270,164,145,136,243,250,258,256,248,233,236,218,218,218,218,218,290,268,342,343,356,346,281,251,215,240,229,197,308,292,381,371,354,335,520,518,564,437,397,385,545,548,537,537,591,591,583,594,925,912,1055,1102,1669,1639,12830,10289,12833,12833,12834,12834,12830,12833,12825,12827,12841,12842,12843,12843,12847,12847,12847,12847,12847,12848,12850,12848]} 1. e4 c5 2. Nf3 d6 3. d4 cxd4 4. Nxd4 Nf6 5. Nc3 a6 6. Be3 e5 7. Nb3 Be6 8. f3 Be7 9. Qd2 O-O 10. O-O-O a5 11. a4 Nc6 {B90: Sicilian Najdorf: Unusual White 6th moves, 6 Be3 Ng4 and 6 Be3 e5.} 12. Kb1 Nb4 13. g4 $1 {[%cal Bg2g4,Bg4g5][%mdl 32]} Rc8 {White is slightly better.} 14. g5 Ne8 ({Better is} 14... Nh5 $14) 15. f4 $1 $16 exf4 16. Bxf4 d5 (16... Bg4 $16) 17. exd5 $18 Bf5 18. Nd4 {[#]} Rxc3 $146 (18... Bg4) ({Predecessor:} 18... Bg6 19. h4 Nxd5 20. Nxd5 Qxd5 21. Bg2 Qd7 22. h5 Bf5 23. Nxf5 Qxf5 24. Bh3 Qc5 25. Bxc8 Qxc8 26. Qd7 Qc5 27. Rhe1 {1-0 (27) Gumularz,S (2517)-Gascon del Nogal,J (2425) Chess.com INT 2021}) 19. Qxc3 Be4 {[#]} 20. Rg1 Nxd5 21. Qe1 Bg6 22. Bc4 Nxf4 23. Nc6 {To avoid Bb4} bxc6 (23... Qxd1+ $16 {is a better defense.} 24. Qxd1 bxc6) 24. Rxd8 {Really sharp!} Bxd8 {[#]} 25. Qd2 {[%csl LRd8,LRf4] Inhibits Nd6.} Bc7 26. Qd7 {To avoid Ne6} Bb8 27. Rf1 ({Less strong is} 27. Qxc6 Nd6 28. Bb3 Ne4 $16) 27... Nd5 28. Bxd5 ({Stronger than} 28. Qxc6 Nb4 29. Qa8 Nd6 $11) 28... cxd5 29. Qxd5 Bxh2 30. Qxa5 Nd6 31. Qd2 Be5 32. Qd5 Bg3 33. Qb3 Ne4 {Threatens to win with ...Nd2+.} 34. Rd1 {Inhibits Nd2+.} Bf4 35. Qd5 {Inhibits Nd2+. And now Rd4 would win.} Bxg5 (35... Nxg5 {was necessary.} 36. a5 Be4) 36. Rd4 Re8 {[#]} 37. Rxe4 {[%mdl 576] Remove Defender} Bxe4 38. Qxg5 {[%mdl 4096] Endgame KQ-KRB} Rc8 (38... f6 $142 39. Qb5 Kf7 40. Qh5+ Ke7) 39. a5 f5 40. Qd2 h5 41. Qd7 Ra8 (41... Rf8 $142 42. Qe7 Ba8 43. Qe6+ Kh8) 42. Qe7 {White is clearly winning.} Rf8 43. b4 Ba8 44. Qe6+ Kh7 45. Qd6 Rf6 46. Qf4 Be4 47. b5 Rg6 48. b6 Rg2 49. a6 Rg4 {[#]} 50. Qxg4 $3 {[%mdl 512]} hxg4 {KB-K3P} 51. b7 g3 52. b8=Q g2 53. Qh2+ Kg6 54. Kc1 Kg5 55. Kd2 Kg4 56. Ke3 g5 57. a7 Bc6 58. Kf2 f4 59. Qh8 {Weighted Error Value: White=0.12 (very precise) /Black=0.41} 1-0

[Event "Icelandic Team-ch Premier 2021-22"]
[Site "Reykjavik"]
[Date "2022.03.05"]
[Round "9.6"]
[White "Karason, Askell O"]
[Black "Heimisson, Hilmir Freyr"]
[Result "0-1"]
[WhiteElo "2186"]
[BlackElo "2312"]
[Annotator "ChessBase"]
[PlyCount "92"]
[EventDate "2022.03.05"]
[EventType "team-tourn"]
[EventCountry "ISL"]
[SourceTitle "playchess.com"]
[Source "ChessBase"]
[SourceQuality "1"]
[TimeControl "5400+30"]

1. d4 {[%emt 0:00:03]} Nf6 {[%emt 0:01:25]} 2. c4 {[%emt 0:00:06]} e6 {[%emt 0:00:31]} 3. Nc3 {[%emt 0:00:05]} Bb4 {[%emt 0:00:12]} 4. Nf3 {[%emt 0:00:05]} O-O {[%emt 0:02:03]} 5. Bg5 {[%emt 0:00:06]} c5 {[%emt 0:01:54]} 6. Rc1 {[%emt 0:00:09]} cxd4 {[%emt 0:01:59]} 7. Nxd4 {[%emt 0:02:08]} h6 {[%emt 0:00:55]} 8. Bh4 {[%emt 0:00:11]} d5 {[%emt 0:00:43]} 9. cxd5 {[%emt 0:00:26]} g5 {[%emt 0:00:42]} 10. Bg3 {[%emt 0:03:43]} Qxd5 {[%emt 0:00:14]} 11. e3 {[%emt 0:21:59]} Qxa2 {[%emt 0:00:11]} 12. Nc2 {[%emt 0:00:28]} Bxc3+ {[%emt 0:21:48]} 13. bxc3 {[%emt 0:00:05]} Nc6 {[%emt 0:01:07]} 14. Bd3 {[%emt 0:11:30]} Rd8 {[%emt 0:04:59]} 15. O-O {[%emt 0:09:37]} Qd5 {[%emt 0:11:17]} 16. Nd4 {[%emt 0:02:57]} e5 {[%emt 0:09:37]} 17. c4 {[%emt 0:09:28]} Qd6 {[%emt 0:08:00]} 18. c5 {[%emt 0:05:19]} Qe7 {[%emt 0:03:41]} 19. Nxc6 {[%emt 0:06:54]} bxc6 {[%emt 0:00:09]} 20. Qc2 {[%emt 0:00:22]} Nd5 {[%emt 0:02:35]} 21. Bc4 {[%emt 0:01:06]} Kg7 {[%emt 0:03:05]} 22. Qe4 {[%emt 0:03:11]} f6 {[%emt 0:07:27]} 23. h4 {[%emt 0:12:37]} a5 {[%emt 0:08:15]} 24. h5 {[%emt 0:00:27]} Qe8 {[%emt 0:02:41]} 25. Bd3 {[%emt 0:02:12]} f5 {[%emt 0:01:16]} 26. Qxe5+ {[%emt 0:00:39]} Qxe5 {[%emt 0:00:06]} 27. Bxe5+ {[%emt 0:00:06]} Kf7 {[%emt 0:00:59]} 28. e4 {[%emt 0:00:32]} Ne3 {[%emt 0:04:01]} 29. fxe3 {[%emt 0:01:23]} Rxd3 {[%emt 0:00:04]} 30. Bd4 {[%emt 0:02:19]} f4 {[%emt 0:02:02]} 31. g3 {[%emt 0:00:02]} Bh3 {[%emt 0:00:58]} 32. Rf2 {[%emt 0:00:05]} Ke7 {[%emt 0:00:46]} 33. gxf4 {[%emt 0:00:08]} gxf4 {[%emt 0:00:13]} 34. Rxf4 {[%emt 0:04:14]} Rd2 {[%emt 0:00:29]} 35. Bf6+ {[%emt 0:00:04]} Ke6 {[%emt 0:00:41]} 36. Bc3 {[%emt 0:00:07]} Rg8+ {[%emt 0:00:33]} 37. Kh1 {[%emt 0:00:15]} Bg2+ {[%emt 0:00:28]} 38. Kh2 {[%emt 0:00:11]} Re2 {[%emt 0:00:26]} 39. Be1 {[%emt 0:01:59]} Bxe4+ {[%emt 0:00:21]} 40. Kh3 {[%emt 0:00:22]} Rxe3+ {[%emt 0:00:35]} 41. Kh4 {[%emt 0:01:08]} Bg2 {[%emt 0:00:20]} 42. Rc3 {[%emt 0:00:32]} Rxe1 {[%emt 0:00:22]} 43. Re3+ {[%emt 0:00:42]} Rxe3 {[%emt 0:00:26]} 44. Rf6+ {[%emt 0:00:07]} Ke5 {[%emt 0:01:06]} 45. Re6+ {[%emt 0:01:46]} Kd4 {[%emt 0:00:20]} 46. Rxe3 {[%emt 0:01:03]} Rg4+ {[%emt 0:00:30]} 0-1

[Event "Icelandic Team-ch Premier 2021-22"]
[Site "Reykjavik"]
[Date "2022.03.05"]
[Round "9.7"]
[White "Johannesson, Oliver"]
[Black "Bergsson, Stefan"]
[Result "1/2-1/2"]
[WhiteElo "2220"]
[BlackElo "2095"]
[Annotator "ChessBase"]
[PlyCount "47"]
[EventDate "2022.03.05"]
[EventType "team-tourn"]
[EventCountry "ISL"]
[SourceTitle "playchess.com"]
[Source "ChessBase"]
[SourceQuality "1"]
[TimeControl "5400+30"]

1. d4 {[%emt 0:04:36]} d5 {[%emt 0:12:35]} 2. Bf4 {[%emt 0:01:48]} c5 {[%emt 0:04:33]} 3. e3 {[%emt 0:06:56]} Nf6 {[%emt 0:00:28]} 4. c3 {[%emt 0:00:30]} Nc6 {[%emt 0:00:33]} 5. Nd2 {[%emt 0:01:09]} e6 {[%emt 0:00:41]} 6. Ngf3 {[%emt 0:00:39]} Bd6 {[%emt 0:00:16]} 7. Bg3 {[%emt 0:00:28]} O-O {[%emt 0:00:10]} 8. Bd3 {[%emt 0:00:14]} Be7 {[%emt 0:03:42]} 9. Ne5 {[%emt 0:01:46]} Nxe5 {[%emt 0:06:30]} 10. dxe5 {[%emt 0:01:34]} Nd7 {[%emt 0:00:58]} 11. Nf3 {[%emt 0:01:46]} c4 {[%emt 0:02:08]} 12. Bc2 {[%emt 0:01:27]} b5 {[%emt 0:01:46]} 13. h4 {[%emt 0:02:11]} Nc5 {[%emt 0:08:42]} 14. b4 {[%emt 0:11:37]} Ne4 {[%emt 0:08:31]} 15. Ng5 {[%emt 0:22:35]} f5 {[%emt 0:10:28]} 16. exf6 {[%emt 0:02:47]} Bxf6 {[%emt 0:00:58]} 17. Nxe4 {[%emt 0:02:28]} dxe4 {[%emt 0:00:25]} 18. Qxd8 {[%emt 0:03:14]} Rxd8 {[%emt 0:02:33]} 19. Bxe4 {[%emt 0:00:35]} Bxc3+ {[%emt 0:02:33]} 20. Ke2 {[%emt 0:00:07]} Rd2+ {[%emt 0:08:47]} 21. Kf3 {[%emt 0:01:06]} Bxa1 {[%emt 0:00:43]} 22. Rxa1 {[%emt 0:01:09]} Rd5 {[%emt 0:01:14]} 23. Bxd5 {[%emt 0:00:55]} exd5 {[%emt 0:00:02]} 24. a4 {[%emt 0:04:48]} 1/2-1/2

[Event "Icelandic Team-ch Premier 2021-22"]
[Site "Reykjavik"]
[Date "2022.03.05"]
[Round "9.8"]
[White "Thorsteinsson, Arnar"]
[Black "Halldorsson, Jon Arni"]
[Result "1-0"]
[WhiteElo "2199"]
[BlackElo "2070"]
[Annotator "ChessBase"]
[PlyCount "99"]
[EventDate "2022.03.05"]
[EventType "team-tourn"]
[EventCountry "ISL"]
[SourceTitle "playchess.com"]
[Source "ChessBase"]
[SourceQuality "1"]
[TimeControl "5400+30"]

1. e4 {[%emt 0:00:11]} e6 {[%emt 0:00:09]} 2. d4 {[%emt 0:00:06]} d5 {[%emt 0:00:07]} 3. e5 {[%emt 0:00:15]} c5 {[%emt 0:00:08]} 4. c3 {[%emt 0:00:06]} Qb6 {[%emt 0:00:19]} 5. Nf3 {[%emt 0:00:19]} Bd7 {[%emt 0:00:12]} 6. a3 {[%emt 0:00:18]} c4 {[%emt 0:00:47]} 7. g3 {[%emt 0:00:23]} Nc6 {[%emt 0:01:06]} 8. h4 {[%emt 0:00:34]} h6 {[%emt 0:01:30]} 9. Nbd2 {[%emt 0:00:31]} Na5 {[%emt 0:01:01]} 10. h5 {[%emt 0:00:57]} Ne7 {[%emt 0:00:45]} 11. Bh3 {[%emt 0:00:13]} O-O-O {[%emt 0:02:09]} 12. O-O {[%emt 0:00:16]} Kb8 {[%emt 0:01:24]} 13. Nh4 {[%emt 0:01:28]} Nc8 {[%emt 0:01:34]} 14. Kh2 {[%emt 0:00:25]} Qc7 {[%emt 0:01:07]} 15. f4 {[%emt 0:00:35]} Be7 {[%emt 0:05:35]} 16. Ng2 {[%emt 0:00:25]} Rhg8 {[%emt 0:08:57]} 17. f5 {[%emt 0:02:43]} exf5 {[%emt 0:12:37]} 18. Bxf5 {[%emt 0:02:33]} Bg5 {[%emt 0:14:12]} 19. Qg4 {[%emt 0:04:31]} g6 {[%emt 0:10:00]} 20. Bxd7 {[%emt 0:00:54]} Qxd7 {[%emt 0:00:23]} 21. Qxd7 {[%emt 0:00:33]} Rxd7 {[%emt 0:00:05]} 22. hxg6 {[%emt 0:00:33]} fxg6 {[%emt 0:01:55]} 23. Nf3 {[%emt 0:02:58]} Bd8 {[%emt 0:06:02]} 24. Be3 {[%emt 0:03:01]} g5 {[%emt 0:01:36]} 25. Rf2 {[%emt 0:00:30]} Nc6 {[%emt 0:01:57]} 26. Raf1 {[%emt 0:00:32]} Rh7 {[%emt 0:03:30]} 27. Ng1 {[%emt 0:02:35]} Be7 {[%emt 0:00:22]} 28. Rf7 {[%emt 0:00:41]} Rgg7 {[%emt 0:00:13]} 29. Rxg7 {[%emt 0:00:11]} Rxg7 {[%emt 0:00:05]} 30. Ne2 {[%emt 0:00:30]} h5 {[%emt 0:02:31]} 31. Bd2 {[%emt 0:00:40]} Nd8 {[%emt 0:05:59]} 32. Ne3 {[%emt 0:01:23]} Nb6 {[%emt 0:00:10]} 33. Kg2 {[%emt 0:00:47]} Ne6 {[%emt 0:01:32]} 34. Ng1 {[%emt 0:04:14]} Nf4+ {[%emt 0:04:28]} 35. Kf2 {[%emt 0:02:08]} Ne6 {[%emt 0:03:37]} 36. Ke2 {[%emt 0:00:34]} g4 {[%emt 0:01:38]} 37. Nf5 {[%emt 0:02:17]} Rf7 {[%emt 0:00:20]} 38. Nxe7 {[%emt 0:00:34]} Rxe7 {[%emt 0:00:06]} 39. Rf5 {[%emt 0:00:22]} Ng7 {[%emt 0:02:23]} 40. Rf8+ {[%emt 0:00:20]} Kc7 {[%emt 0:00:05]} 41. Bg5 {[%emt 0:00:29]} Rd7 {[%emt 0:00:52]} 42. Kd2 {[%emt 0:02:29]} Ne6 {[%emt 0:00:30]} 43. Rf5 {[%emt 0:00:14]} Rh7 {[%emt 0:04:10]} 44. Bh4 {[%emt 0:03:24]} Nd7 {[%emt 0:01:03]} 45. Ne2 {[%emt 0:01:24]} Kc6 {[%emt 0:00:31]} 46. Ke3 {[%emt 0:00:53]} Ndf8 {[%emt 0:00:59]} 47. Nf4 {[%emt 0:03:50]} Nxf4 {[%emt 0:01:05]} 48. gxf4 {[%emt 0:00:15]} Ne6 {[%emt 0:01:00]} 49. Rf6 {[%emt 0:00:19]} Kd7 {[%emt 0:00:11]} 50. f5 {[%emt 0:00:23]} 1-0

[Event "Icelandic Team-ch Premier 2021-22"]
[Site "Reykjavik"]
[Date "2022.03.05"]
[Round "9.9"]
[White "Stefansson, Vignir Vatnar"]
[Black "Oleksiyenko, Mykhaylo"]
[Result "1/2-1/2"]
[WhiteElo "2484"]
[BlackElo "2584"]
[Annotator "ChessBase"]
[PlyCount "100"]
[EventDate "2022.03.05"]
[EventType "team-tourn"]
[EventCountry "ISL"]
[SourceTitle "playchess.com"]
[Source "ChessBase"]
[SourceQuality "1"]
[TimeControl "5400+30"]

1. Nf3 {[%emt 0:04:27]} d5 {[%emt 0:00:16]} 2. d4 {[%emt 0:01:48]} Nf6 {[%emt 0:00:11]} 3. c4 {[%emt 0:00:14]} c6 {[%emt 0:00:12]} 4. e3 {[%emt 0:01:13]} Bf5 {[%emt 0:00:12]} 5. Qb3 {[%emt 0:00:36]} Qb6 {[%emt 0:03:02]} 6. cxd5 {[%emt 0:01:36]} Qxb3 {[%emt 0:01:56]} 7. axb3 {[%emt 0:00:08]} Nxd5 {[%emt 0:01:26]} 8. Bd2 {[%emt 0:05:16]} e6 {[%emt 0:03:48]} 9. Na3 {[%emt 0:05:55]} Nb4 {[%emt 0:08:23]} 10. Bc3 {[%emt 0:02:31]} b5 {[%emt 0:08:26]} 11. Be2 {[%emt 0:03:13]} Nd5 {[%emt 0:17:14]} 12. Bd2 {[%emt 0:02:25]} Bb4 {[%emt 0:06:17]} 13. O-O {[%emt 0:01:23]} Ke7 {[%emt 0:01:19]} 14. Rfc1 {[%emt 0:01:01]} Bxd2 {[%emt 0:00:19]} 15. Nxd2 {[%emt 0:00:06]} Bg6 {[%emt 0:05:23]} 16. Bf3 {[%emt 0:03:31]} Rd8 {[%emt 0:05:36]} 17. h4 {[%emt 0:06:01]} h6 {[%emt 0:01:13]} 18. Nc2 {[%emt 0:08:55]} a6 {[%emt 0:00:26]} 19. Bxd5 {[%emt 0:02:03]} cxd5 {[%emt 0:01:06]} 20. Nb4 {[%emt 0:00:56]} Kd7 {[%emt 0:06:35]} 21. Nf3 {[%emt 0:03:20]} f6 {[%emt 0:00:06]} 22. Rc5 {[%emt 0:00:05]} Rc8 {[%emt 0:07:52]} 23. Rxb5 {[%emt 0:00:43]} Rc1+ {[%emt 0:00:07]} 24. Rxc1 {[%emt 0:00:10]} axb5 {[%emt 0:00:02]} 25. Ne1 {[%emt 0:06:44]} Na6 {[%emt 0:04:14]} 26. Ned3 {[%emt 0:01:16]} Bxd3 {[%emt 0:01:12]} 27. Nxd3 {[%emt 0:00:06]} Kd6 {[%emt 0:00:29]} 28. f4 {[%emt 0:01:03]} h5 {[%emt 0:01:23]} 29. Kf2 {[%emt 0:00:38]} Nc7 {[%emt 0:00:23]} 30. Nb4 {[%emt 0:02:04]} Kd7 {[%emt 0:00:13]} 31. Rc5 {[%emt 0:00:43]} g6 {[%emt 0:02:12]} 32. Nd3 {[%emt 0:03:42]} Ra1 {[%emt 0:01:09]} 33. f5 {[%emt 0:08:48]} gxf5 {[%emt 0:03:50]} 34. Nf4 {[%emt 0:00:06]} Ne8 {[%emt 0:04:38]} 35. Rxb5 {[%emt 0:03:43]} Nd6 {[%emt 0:00:15]} 36. Rb8 {[%emt 0:01:28]} Rb1 {[%emt 0:00:28]} 37. Nd3 {[%emt 0:00:57]} Ne4+ {[%emt 0:01:21]} 38. Ke2 {[%emt 0:00:05]} Rg1 {[%emt 0:00:10]} 39. Rg8 {[%emt 0:06:15]} Rh1 {[%emt 0:00:05]} 40. Nc5+ {[%emt 0:02:45]} Nxc5 {[%emt 0:00:30]} 41. dxc5 {[%emt 0:00:05]} Rxh4 {[%emt 0:00:05]} 42. Rb8 {[%emt 0:00:04]} f4 {[%emt 0:02:16]} 43. exf4 {[%emt 0:03:08]} Rxf4 {[%emt 0:00:08]} 44. b4 {[%emt 0:00:05]} Kc7 {[%emt 0:01:12]} 45. Rb6 {[%emt 0:00:10]} e5 {[%emt 0:00:16]} 46. b3 {[%emt 0:01:24]} h4 {[%emt 0:00:10]} 47. b5 {[%emt 0:01:11]} Rb4 {[%emt 0:00:31]} 48. Rc6+ {[%emt 0:00:38]} Kb7 {[%emt 0:00:04]} 49. Rb6+ {[%emt 0:00:35]} Kc7 {[%emt 0:00:03]} 50. Rc6+ {[%emt 0:01:46]} Kb7 {[%emt 0:00:03]} 1/2-1/2

[Event "Icelandic Team-ch Premier 2021-22"]
[Site "Reykjavik"]
[Date "2022.03.05"]
[Round "9.10"]
[White "Kjartansson, Gudmundur"]
[Black "Jensson, Einar Hjalti"]
[Result "1/2-1/2"]
[WhiteElo "2450"]
[BlackElo "2326"]
[Annotator "ChessBase"]
[PlyCount "77"]
[EventDate "2022.03.05"]
[EventType "team-tourn"]
[EventCountry "ISL"]
[SourceTitle "playchess.com"]
[Source "ChessBase"]
[SourceQuality "1"]
[TimeControl "5400+30"]

1. d4 {[%emt 0:00:15]} d5 {[%emt 0:00:19]} 2. c4 {[%emt 0:00:13]} c6 {[%emt 0:00:08]} 3. Nc3 {[%emt 0:00:15]} dxc4 {[%emt 0:00:04]} 4. e3 {[%emt 0:01:14]} b5 {[%emt 0:00:16]} 5. a4 {[%emt 0:00:19]} b4 {[%emt 0:00:05]} 6. Ne4 {[%emt 0:00:14]} Qd5 {[%emt 0:00:12]} 7. Nd2 {[%emt 0:00:24]} c3 {[%emt 0:08:58]} 8. bxc3 {[%emt 0:00:14]} bxc3 {[%emt 0:00:03]} 9. Nb1 {[%emt 0:00:11]} Qa5 {[%emt 0:05:07]} 10. Qc2 {[%emt 0:00:33]} Nf6 {[%emt 0:06:06]} 11. Qxc3 {[%emt 0:03:01]} Qxc3+ {[%emt 0:00:27]} 12. Nxc3 {[%emt 0:00:06]} e6 {[%emt 0:00:29]} 13. Nf3 {[%emt 0:02:07]} Bb4 {[%emt 0:01:49]} 14. Bd2 {[%emt 0:02:29]} a5 {[%emt 0:00:46]} 15. Bd3 {[%emt 0:01:27]} Ba6 {[%emt 0:01:13]} 16. Ke2 {[%emt 0:11:41]} Bxd3+ {[%emt 0:02:04]} 17. Kxd3 {[%emt 0:00:06]} Nbd7 {[%emt 0:00:13]} 18. Rhc1 {[%emt 0:01:16]} Ke7 {[%emt 0:03:54]} 19. Ne4 {[%emt 0:08:15]} Nxe4 {[%emt 0:04:54]} 20. Kxe4 {[%emt 0:02:11]} c5 {[%emt 0:04:46]} 21. Bxb4 {[%emt 0:05:20]} cxb4 {[%emt 0:02:24]} 22. Nd2 {[%emt 0:00:36]} Rhc8 {[%emt 0:27:42]} 23. Rxc8 {[%emt 0:21:10]} Rxc8 {[%emt 0:00:05]} 24. Nb3 {[%emt 0:00:08]} f5+ {[%emt 0:01:29]} 25. Kf3 {[%emt 0:00:14]} Ra8 {[%emt 0:08:40]} 26. Ke2 {[%emt 0:03:46]} e5 {[%emt 0:05:49]} 27. Kd3 {[%emt 0:01:38]} Kd6 {[%emt 0:04:00]} 28. Kc4 {[%emt 0:06:04]} exd4 {[%emt 0:02:01]} 29. Nxd4 {[%emt 0:00:57]} g6 {[%emt 0:06:32]} 30. Kb5 {[%emt 0:04:44]} Nf6 {[%emt 0:01:26]} 31. Rd1 {[%emt 0:10:41]} Nd5 {[%emt 0:00:05]} 32. Nb3 {[%emt 0:01:18]} g5 {[%emt 0:01:55]} 33. Nc5 {[%emt 0:09:00]} Ke5 {[%emt 0:00:36]} 34. Nd7+ {[%emt 0:01:03]} Ke6 {[%emt 0:00:17]} 35. Kc4 {[%emt 0:00:38]} Nc3 {[%emt 0:01:01]} 36. Nc5+ {[%emt 0:00:10]} Ke5 {[%emt 0:00:09]} 37. Nd7+ {[%emt 0:02:11]} Ke6 {[%emt 0:00:01]} 38. Nc5+ {[%emt 0:00:31]} Ke5 {[%emt 0:00:02]} 39. Nd7+ {[%emt 0:01:54]} 1/2-1/2

[Event "Icelandic Team-ch Premier 2021-22"]
[Site "Reykjavik"]
[Date "2022.03.05"]
[Round "9.11"]
[White "Einarsson, Halldor Gretar"]
[Black "Gretarsson, Helgi Ass"]
[Result "0-1"]
[WhiteElo "2207"]
[BlackElo "2467"]
[Annotator "ChessBase"]
[PlyCount "72"]
[EventDate "2022.03.05"]
[EventType "team-tourn"]
[EventCountry "ISL"]
[SourceTitle "playchess.com"]
[Source "ChessBase"]
[SourceQuality "1"]
[TimeControl "5400+30"]

1. d4 {[%emt 0:01:28]} d5 {[%emt 0:00:06]} 2. Nf3 {[%emt 0:00:18]} Nf6 {[%emt 0:02:12]} 3. g3 {[%emt 0:00:45]} c6 {[%emt 0:01:31]} 4. Bg2 {[%emt 0:00:57]} Bf5 {[%emt 0:01:30]} 5. O-O {[%emt 0:01:23]} e6 {[%emt 0:00:11]} 6. c4 {[%emt 0:00:57]} Nbd7 {[%emt 0:03:01]} 7. Qb3 {[%emt 0:02:45]} Qb6 {[%emt 0:01:49]} 8. c5 {[%emt 0:00:28]} Qa6 {[%emt 0:16:24]} 9. Nc3 {[%emt 0:06:12]} h6 {[%emt 0:00:31]} 10. Re1 {[%emt 0:00:29]} b6 {[%emt 0:02:42]} 11. Bf1 {[%emt 0:10:05]} Qc8 {[%emt 0:13:46]} 12. cxb6 {[%emt 0:04:07]} axb6 {[%emt 0:00:03]} 13. Nd2 {[%emt 0:01:03]} Be7 {[%emt 0:02:50]} 14. f3 {[%emt 0:08:32]} O-O {[%emt 0:04:50]} 15. e4 {[%emt 0:00:15]} Bh7 {[%emt 0:00:06]} 16. exd5 {[%emt 0:03:04]} cxd5 {[%emt 0:00:45]} 17. Bb5 {[%emt 0:00:54]} Nb8 {[%emt 0:01:44]} 18. Qd1 {[%emt 0:05:44]} Nc6 {[%emt 0:00:57]} 19. Nb3 {[%emt 0:00:12]} Qb7 {[%emt 0:11:05]} 20. Bf4 {[%emt 0:08:47]} Rfc8 {[%emt 0:00:08]} 21. Bd3 {[%emt 0:05:41]} Bxd3 {[%emt 0:01:05]} 22. Qxd3 {[%emt 0:00:06]} Bb4 {[%emt 0:05:24]} 23. Rec1 {[%emt 0:07:15]} Ne8 {[%emt 0:06:15]} 24. a3 {[%emt 0:02:40]} Bf8 {[%emt 0:02:46]} 25. Nb5 {[%emt 0:03:51]} Ra4 {[%emt 0:04:22]} 26. Rc3 {[%emt 0:10:57]} Rc4 {[%emt 0:00:25]} 27. Rac1 {[%emt 0:04:31]} Qa6 {[%emt 0:06:25]} 28. Na1 {[%emt 0:09:39]} Qxb5 {[%emt 0:02:37]} 29. b3 {[%emt 0:00:05]} Rxc3 {[%emt 0:00:11]} 30. Qxb5 {[%emt 0:00:52]} Rxc1+ {[%emt 0:00:11]} 31. Bxc1 {[%emt 0:00:05]} Nxd4 {[%emt 0:00:04]} 32. Qxb6 {[%emt 0:01:29]} Rxc1+ {[%emt 0:00:09]} 33. Kg2 {[%emt 0:00:06]} e5 {[%emt 0:00:25]} 34. a4 {[%emt 0:00:32]} Rxa1 {[%emt 0:00:14]} 35. a5 {[%emt 0:00:07]} Ra2+ {[%emt 0:00:49]} 36. Kh3 {[%emt 0:00:59]} Nxf3 {[%emt 0:01:13]} 0-1